000 00483nam a22001817a 4500
003 OSt
005 20250906020003.0
008 250905b |||||||| |||| 00| 0 eng d
020 _a9780080449777
040 _aMUST
_cDDC
082 _aWW 260 M295E 2008
100 _aMalhotra Raman
_919376
245 _aEye Essentials/
_bCataract
300 _axii,240p.:
_bcol,ill;
_c18.5cm
504 _aIncludes appendix and index
650 _aHealth Sciences
_95740
942 _2lcc
_cO_SHELF
_01
999 _c9519
_d9519